| 000 | 00438nam a22001697a 4500 | ||
|---|---|---|---|
| 003 | BD-ChCU | ||
| 005 | 20251210104038.0 | ||
| 008 | 251210b bg ||||| |||| 00| 0 ben d | ||
| 040 | _cBD-ChCU | ||
| 082 | _aM 523.3 OUR | ||
| 100 |
_aSternig, John. _917904 |
||
| 245 |
_aOur Moon.// _cJohn Sternig. |
||
| 260 |
_aChicago. _bDenoyer-Geppert. _c1961 |
||
| 300 | _a116.2x134.4 cm. | ||
| 650 | 0 |
_aMoon - Atlases _917906 |
|
| 942 |
_2ddc _cBK _n0 |
||
| 999 |
_c110325 _d110325 |
||